AP Brainrot Exam - Statistics

General Stats
  • This quiz has been taken 191 times
    52 since last reset
  • The average score is 27 of 76
Answer Stats
Hint Answer % Correct
What surgery is tomorrow that the Grinch is super excited for? Knee surgery
95%
Just gimme my _____ Money
68%
I like my cheese ______ ____ Drippy bruh
66%
What is the shortened word for charisma? Rizz
66%
I just want to be part of your ________ (Popular song) Symphony
63%
Game of the year for every single year it has been out. Game with many gyats and chug jugs and slurp fish. Fortnite
61%
Who's the freakiest sponge that keeps calling you? Freak Bob
61%
Outburst of rage Crash out
59%
What food does TheManniShow need to put in the bag already? Fries
59%
What is one move in bed that makes a man go crazy? Hawk Tuah
59%
American Psycho main character, super sigma Patrick Bateman
59%
What music artist recently got caught having freak offs with other artists and children? P. Diddy
59%
What liquid is in abandoned places that is super scary and shouldn't be messed with? Still water
59%
Who made the song above? KSI
56%
What absolutely cooked individual is in love with Galaxy gas during an interview? Lil T man
56%
What is popular streamer Ninja dragging on? Low Taper Fade
56%
What drink was in the music video of the song above? Prime
56%
What is the best song of the millennium? Thick of it
56%
I just lost my ___ Dog
54%
What food had the drink above featured inside of it? Lunchly
54%
What is the best fruit ever? Mango
54%
What is the name of the podcast that the girl above made? Talk Tuah
54%
Which united states aura is off the charts? Ohio
51%
What is the energy you emit that is probably in the negatives taking this quiz Aura
49%
Who recently collaborated with Nick Eh 30 in one of his skits that went awry? IShowSpeed
49%
What series has absolutely deep fried generation Alpha? Skibidi Toilet
49%
What type of music do sigmas listen to on the daily? Phonk
46%
Who said that iconic line? Hailey Welsch
44%
Last sigma, from a popular TV show that is an Amazon Prime Video original about superheroes and their corruption. Homelander
44%
Stretching your Johnson to get it longer Jelqing
44%
What do you call huzz that are ugly? Chuzz
41%
What is the nickname of the person above after he got jumpscared and showed his johnson on purpose for attention? IShowMeat
41%
What was recently found in the food brand above that resulted in its discontinuation? Mold
41%
What job status does everyone have when they scroll for too long? Unemployed
41%
What is AJs favorite thing to get at Costco? Double chunk chocolate cookie
39%
Speed I need this. My mom is kind of ________ Homeless
39%
Who has infinite of the word above? The Rizzler
39%
Three letter word for young people who are trying to be criminals Yns
39%
What is Big Justices favorite thing to get at Costco? Chicken Bake
37%
Who was featured on the song? Trippie Red
34%
Say that _____ Again
32%
What comes before the answer above? Bruzz
32%
Who do you invite to go on the two man with? Huzz
32%
What line follows this? "Put the phone down!" This is for my safety
32%
What song did the two people above make together? We bring the boom!
32%
What is the method for caseoh and jynxzi that lets them get more views? Clipfarming
29%
BOII THATS SO FRICKIN ____ TUFF
29%
What is essentially the number for the word above? 808
24%
Who rizzed up livvy dunne and where? Baby Gronk in Ohio
22%
What sweet treat did Boss Baby tell his friend to put down and eventually became a remix? Cookie
22%
What do you take in between classes to get your snake long Honey pack
20%
Who are the OGs fighting against? (People who are new and mostly young) New gens
20%
What hormone constantly flows in the veins of a sigma? Noradrenaline
20%
💀 Those who know
20%
What is the real name of the person above? Christian
17%
Wednesday Adams/Walter White stare German stare
17%
Practice this smile in the mirror for two hours every morning Jamaican smile
17%
Who is known for crazy eating challenges, such as eating a whole bag of sugar-free haribo gummies, eating five cacti, or drinking expired milk? LA Beast
17%
Who started it all? Quandale Dingle
15%
Who famously said the line "Get out" at a car meet up in GTA? Tuco
15%
Double XP event for Snowy months Winter arc
15%
You ain't nothing but a broke ___ FE!N
12%
What is the name of the clown that is absolutely cooked? Jonkler
12%
What type of sitting is for sigmas and demure people? Pakistani sitting
10%
Another sigma, this time from a sci-fi TV show. Rick
10%
Who was the second? IDKSterling
7%
Third? Joe Bartolozzi
7%
Where was the person above when he was doing "things" with dudes? The Hills
7%
Who described their friend group as "Made in Ohio"? Adrian
5%
The act of gooning repeatedly over and over, some people can do this for 10 seconds Flicker goon
5%
Who was the first saint that came marching in? Ray William Johnson
5%
What line is to be said to water to make it into the above liquid? English or Spanish
2%
What is black Bart Simpson not allowed to do in class? Jugg
2%
Who humbles everyone and is the best streamer/rapper oat? Packgod
2%
Is that ___ ___ Dew Dew
0%
Whose signature line is "are we deadass?" Homer Uchiha
0%
No matching quizzes found
Score Distribution
Percent of People with Each Score
Percentile by Number Answered
Your Score History
You have not taken this quiz since the last reset